| 000 | 00704nam a2200229 4500 | ||
|---|---|---|---|
| 999 |
_c1472 _d1472 |
||
| 001 | 1472 | ||
| 003 | BD-JhCC | ||
| 005 | 20171019201628.0 | ||
| 008 | 171019s2007 bg |||| |||| 000 0 ben d | ||
| 020 | _a9847000600011 | ||
| 035 | _a(BD-JhCC) 1472 | ||
| 040 |
_aBD-JhCC _dBD-JhCC |
||
| 041 | _aben | ||
| 082 |
_a891.4409 _bKIB 2007 |
||
| 100 | _aকিবরিয়া, শাহ এ এস এম | ||
| 245 |
_aপ্রবন্ধসংগ্রহ / _cশাহ এ এস এম কিবরিয়া, |
||
| 260 |
_aঢাকা : _bআগামী প্রকাশনী, _c2007. |
||
| 300 |
_a360 p. : _c21 cm. |
||
| 650 | _aCollection of Eassays | ||
| 942 |
_2ddc _cBK |
||